Połączone państwa na mapie świata #6 - Statystyki

Ogólne statystyki
  • Ten quiz został rozwiązany 4 609 razy
  • Średni wynik to 14 z 20
Odpowiedzi na mapie
Odpowiedzi zakodowano w zielono-czerwonej skali na mapie do tego quizu, zgodnie z poniższymi procentami.
 
Statystyki odpowiedzi
Połączone państwa % Poprawnych
Rosja
90%
Finlandia
82%
Turcja
80%
Syria
75%
Wenezuela
74%
Gujana
72%
Chiny
71%
Republika Środkowoafrykańska
71%
Sudan Południowy
71%
Honduras
69%
Nikaragua
68%
Afganistan
67%
Indie
66%
Turkmenistan
65%
Słowacja
64%
Węgry
64%
Mjanma
63%
Kirgistan
60%
Nigeria
58%
Benin
53%
Nie znaleziono quizów pasujących do podanych kryteriów
Rozkład punktacji
Procent ludzi z każdym wynikiem
Percentyl według liczby udzielonych odpowiedzi
Twoja historia wyników
Nie rozwiązałeś tego quizu